000 00442nam a2200169Ia 4500
003 GCL
008 140319s9999 xx 000 0 eng d
040 _aGCL /
_cGCL
082 0 4 _a004.65
_bC N
100 1 _aCURRID,CHERYL
245 1 0 _aNOVELS GUIDE TO NETWARE 3.12 NETWORKS /
_cCURRID,CHERYL
260 _a[S.N] :
_bSYBEX ،
_c1993
300 _a842 P
650 0 4 _aCOMPUTER SOFTWARE
650 0 4 _aCOMPUTER - NETWORKS
942 _2ddc
_cBK
999 _c17183
_d17183